| 000 | 00744nam a22002057a 4500 | ||
|---|---|---|---|
| 999 |
_c9462 _d9462 |
||
| 003 | AR-CdUCM | ||
| 008 | 190328b ||||| |||| 00| 0 spa d | ||
| 040 |
_aMUNICIPALIDAD PROVINCIAL DEL CUSCO _cBIBLIOTECA MUNICIPAL DEL CUSCO |
||
| 082 |
_a146 / _bL52 / 1909 |
||
| 100 |
_aLetorneau, Carlos _921180 |
||
| 245 | _aCiencia y materialismo / | ||
| 260 |
_aBarcelona : _bFeliu y susanna, _c1909. |
||
| 300 |
_a189 páginas; _c18.5 cm. |
||
| 505 | _aContenido: Biología general -- Psicología biológica -- Fisiología del amor -- Etnografía general -- El ultimo de los hombres ... | ||
| 650 |
_aPsicología biológica _921181 |
||
| 650 |
_aCiencia _92098 |
||
| 700 |
_aMedina, Aurelio (traductor) _925666 |
||
| 942 |
_2ddc _cLIBROS |
||
| 945 | _aacv | ||